Catálogo
 En Linea

Todos los soles mienten / (Registro nro. 46999)

Detalles MARC
000 -CABECERA
campo de control de longitud fija 00695nam a2200205 a 4500
001 - NÚMERO DE CONTROL
campo de control 000047511
005 - FECHA Y HORA DE LA ÚLTIMA TRANSACCIÓN
campo de control 20201002060558.0
008 - DATOS DE LONGITUD FIJA--INFORMACIÓN GENERAL
campo de control de longitud fija 180614s1999 ag a 000 0 spa d
020 ## - NÚMERO INTERNACIONAL ESTÁNDAR DEL LIBRO
Número Internacional Estándar del Libro 9505114621
020 ## - NÚMERO INTERNACIONAL ESTÁNDAR DEL LIBRO
Número Internacional Estándar del Libro 9789505114627
040 ## - FUENTE DE LA CATALOGACIÓN
Centro catalogador/agencia de origen DO-SdBNP
Lengua de catalogación spa
Centro/agencia transcriptor BNPHU
082 ## - NÚMERO DE LA CLASIFICACIÓN DECIMAL DEWEY
Número de clasificación xxxx
Número de documento/Ítem V161
100 1# - ENTRADA PRINCIPAL--NOMBRE DE PERSONA
Nombre de persona Valentino, Esteban
9 (RLIN) 75130
245 10 - MENCIÓN DE TÍTULO
Título Todos los soles mienten /
Mención de responsabilidad, etc. Esteban Valentino ; ilustraciones Edgardo Carosia.
260 ## - PUBLICACIÓN, DISTRIBUCIÓN, ETC.
Lugar de publicación, distribución, etc. Avellaneda, Buenos Aires, Argentina :
Nombre del editor, distribuidor, etc. Alfaguara infantil,
Fecha de publicación, distribución, etc. 1999.
300 ## - DESCRIPCIÓN FÍSICA
Extensión 140 p. :
Otras características físicas il. ;
Dimensiones 23 cm.
500 ## - NOTA GENERAL
Nota general Incluye datos biografícos del autor en la contraportada.
590 ## - NOTA LOCAL (RLIN)
Nota local Inventariado, 2018/ YL
700 1# - PUNTO DE ACCESO ADICIONAL--NOMBRE DE PERSONA
Nombre de persona Carosia, Edgardo
Término indicativo de función/relación il
9 (RLIN) 75131
Existencias
Estado de retiro Estado de pérdida Restricciones de uso No para préstamo Código de colección Localización permanente Ubicación/localización actual Ubicación en estantería Fecha de adquisición Número de inventario Total de préstamos Signatura topográfica completa Código de barras Fecha visto por última vez Precio válido a partir de Tipo de ítem Koha
      Excluido de préstamo Monografías: Libros y Folletos Patrimonio Dominicano Patrimonio Dominicano En catalogación 14.06.2018 LF1   xxxx V161 47511-10 25.06.2020 25.06.2020 No se presta

Con tecnología Koha